00329nam a2200121Ia 4500008004100000041000800041082001800049100001600067245004500083260003700128300003100165365001100196240624s9999 xx 000 0 und d aeng a658.40954 BHA aBHAVANI T A aGLOBALISATION AND INDIAN SMALL SCALE IND c2006aNew DelhibAne Books India axix, : 265 : p. : cm. ; 25 cRSb30